|
|
|
|
| LEADER |
00000nam0a2200000 4500 |
| 001 |
152046 |
| 005 |
20231101221611.0 |
| 035 |
|
|
|a (RuTPU)RU\TPU\book\164869
|
| 090 |
|
|
|a 152046
|
| 100 |
|
|
|a 20090128d2007 k y0rusy50 ca
|
| 101 |
0 |
|
|a rus
|
| 102 |
|
|
|a RU
|
| 105 |
|
|
|a y z 111zy
|
| 200 |
1 |
|
|a Российские модели образования и их интеграция в мировое образовательное пространство: прошлое и настоящее
|e труды V Всероссийской научно-практической конференции с международным участием, посвященной 50-летию Юргинского технологического института (филиала) Томского политехнического университета, 1-2 ноября 2007 г., Юрга
|f Томский политехнический университет (ТПУ), Юргинский технологический институт (ЮТИ)
|
| 210 |
|
|
|a Юрга
|c Изд-во ТПУ
|d 2007
|
| 215 |
|
|
|a 262 с.
|
| 320 |
|
|
|a Библиография в конце статей
|
| 330 |
|
|
|a В сборнике представлены материалы по проблемам развития моделей отечественного образования и их соответствия мировым тенденциям, а также организации образовательного процесса в высшей школе, подготовки профессиональных кадров в системе СПО и профориентации молодежи в условиях требований современного рынка труда. В трудах данного сборника акцентируется внимание на исторических, философских, педагогических, культурологических и других аспектах специфики реализации профессионального обучения. Материалы представляют интерес для преподавателей, научных сотрудников, аспирантов, студентов технических, экономических, гуманитарных специальностей.
|
| 606 |
1 |
|
|a Инженерное образование
|x Организация
|x Модернизация
|y Россия
|2 stltpush
|3 (RuTPU)RU\TPU\subj\67487
|9 83263
|
| 610 |
1 |
|
|a вузы
|
| 610 |
1 |
|
|a высшее образование
|
| 610 |
1 |
|
|a специалисты
|
| 610 |
1 |
|
|a подготовка
|
| 610 |
1 |
|
|a международные программы
|
| 610 |
1 |
|
|a интеграция
|
| 610 |
1 |
|
|a модели
|
| 610 |
1 |
|
|a интернационализация
|
| 610 |
1 |
|
|a инновации
|
| 610 |
1 |
|
|a педагогические технологии
|
| 610 |
1 |
|
|a информационные технологии
|
| 610 |
1 |
|
|a школьное образование
|
| 610 |
1 |
|
|a философские вопросы
|
| 610 |
1 |
|
|a психология
|
| 610 |
1 |
|
|a Сибирь
|
| 610 |
1 |
|
|a Юрга
|
| 610 |
1 |
|
|a ТПУ
|
| 610 |
1 |
|
|a филиалы
|
| 610 |
1 |
|
|a конференции
|
| 686 |
|
|
|a Ч484(2)л0
|v LBC/SL-A
|2 rubbk
|
| 712 |
0 |
2 |
|a Томский политехнический университет (ТПУ)
|b Юргинский технологический институт (ЮТИ)
|c (2003- )
|2 stltpush
|3 (RuTPU)RU\TPU\col\12451
|
| 712 |
1 |
2 |
|a Российские модели образования и их интеграция в мировое образовательное пространство: прошлое и настоящее
|b конференция
|d 5
|e Юрга
|f 2007
|
| 801 |
|
1 |
|a RU
|b 63413507
|c 20090128
|g PSBO
|
| 801 |
|
2 |
|a RU
|b 63413507
|c 20100623
|g PSBO
|
| 942 |
|
|
|c BK
|